| 000 | 01232cam a2200337 4500 | ||
|---|---|---|---|
| 001 | ABS64134 | ||
| 008 | 000000n2001 000 0 eng u | ||
| 035 | _a(Sirsi) u113592 | ||
| 100 | _aLawson, D. | ||
| 245 | _aSupplement: retail | ||
| 260 | _c2001 | ||
| 490 |
_aProperty Week Supplement _vJune 2001, 1-48(19) LOAN |
||
| 520 | _aSpecial supplement profiling the retail sector. Discusses changes in the property arm of the Kingfisher retail group, the emergence of Next as a major retail player, and the future of factory outlet and designer villages. Includes an interview with David Fischel, head of Liberty International, and an analysis of shopping centre yields and transactions. | ||
| 590 | _aABS | ||
| 650 | _aFACTORY OUTLET CENTRES | ||
| 650 | _aFACTORY OUTLET VILLAGES | ||
| 650 | _aFACTORY OUTLETS | ||
| 650 | _aHIGH STREET RETAILING | ||
| 650 | _aRETAIL OUTLETS | ||
| 650 | _aRETAIL PROPERTY | ||
| 650 | _aRETAIL SECTOR | ||
| 650 | _aSHOPPING CENTRE YIELDS | ||
| 650 | _aSHOPPING CENTRES | ||
| 650 | _aSHOPPING MALLS | ||
| 690 | _aPROPERTY-COMMERCIAL PROPERTY-RETAIL PROPERTY | ||
| 700 | _aBarrie, G. | ||
| 700 | _aEade, C. | ||
| 700 | _aWatson, S. | ||
| 700 | _aGeaves, C. | ||
| 942 | _n0 | ||
| 999 |
_c67682 _d67682 |
||